000 00357nam a2200145Ia 4500
005 20250405120350.0
008 240331s9999 xx 000 0 und d
082 _bSUB
_a894
100 _aSubramaniam, A
245 0 _aAkkaraikal pachchai illai
260 _aColombo
_bVirakesari
_c1977
300 _a304 p .,
500 _aIlathu samugal navales
942 _cL
999 _c4108
_d4108